000 00574cam a2200205ua 4500
001 4201
005 20260515113812.0
008 111220n ii |||gr||||Z||||||asm
020 _a81-237-2395-4
040 _cMAIN
082 _a891.4513
100 1 _aGoswami, Mamoni Raison,
245 1 1 _aMamoni Raison Goswamir swanirbachita galpa
_cby Mamoni Raison Goswami
250 _a1st.
260 _aNew Delhi:
_bNational book trust,
_c2002.
300 _a129p:
_c23cm.
653 _aAssamese short stories
653 _aMamoni raison goswamir swanirbachita galpa
942 _cBK
999 _c4019
_d4019